000 00837nam a2200253Ia 4500
003 OSt
005 20220916110923.0
006 a|||||r|||| 00| 0
007 ta
008 220915b |||||||| |||| 00| 0 hin d
024 _a225088
037 _cTextbook
040 _bhin
_aARTS
_cARTS
041 _ahin
082 _aO152,3N021,KK, K9
100 _aजोशी, इलाचन्द्र, ृ
245 0 _aखण्डहर की आत्माएॅं
246 _aSūradāsa: jīvan aur kāvya kā adhyayana
260 _aझांसी
_bसेतू प्रकाशन
_c1969
300 _a167पृृ
_ccm.
650 _aहिन्दी साहित्य
942 _hO152,3N021,KK, K9
_cTB
_2CC
999 _c101437
_d101437